Preparing digital images for print / (Record no. 180028)

000 -LEADER
fixed length control field 01106 a2200229 4500
003 - CONTROL NUMBER IDENTIFIER
control field Nust
005 - DATE AND TIME OF LATEST TRANSACTION
control field 20221027132355.0
010 ## - LIBRARY OF CONGRESS CONTROL NUMBER
LC control number 96182358
020 ## - INTERNATIONAL STANDARD BOOK NUMBER
International Standard Book Number 0078821460
040 ## - CATALOGING SOURCE
Transcribing agency Nust
082 00 - DEWEY DECIMAL CLASSIFICATION NUMBER
Classification number 006.6,IHR
100 1# - MAIN ENTRY--PERSONAL NAME
Personal name Ihrig, Sybil.
9 (RLIN) 101514
245 10 - TITLE STATEMENT
Title Preparing digital images for print /
Statement of responsibility, etc. Sybil Ihrig, Emil Ihrig.
260 ## - PUBLICATION, DISTRIBUTION, ETC.
Place of publication, distribution, etc. Berkeley, Calif. :
Name of publisher, distributor, etc. Osborne McGraw-Hill,
Date of publication, distribution, etc. c1996.
300 ## - PHYSICAL DESCRIPTION
Extent x, 161 p. :
Other physical details ill. (some col.) ;
Dimensions 23 cm.
440 #0 - SERIES STATEMENT/ADDED ENTRY--TITLE
Title Digital pro series
9 (RLIN) 101515
505 ## - FORMATTED CONTENTS NOTE
Formatted contents note Consider the Source(Page-1), Working the System(Page-13), Screening and Print Reproduction Basics (Page-25), Color Reproduction and Management (Page-39), Image-Editing and Enhancement Tools (Page-63), Color Separations and Conversions (Page-75), Tonal Correction for Output (Page-97), Balancing and Correcting Color (Page-113), Resolution and Sizing for Print Media (Page-129), Sharpening and Special-Case Adjustments (Page-141).
650 #0 - SUBJECT ADDED ENTRY--TOPICAL TERM
Topical term or geographic name entry element Computer graphics.
9 (RLIN) 1225
650 #0 - SUBJECT ADDED ENTRY--TOPICAL TERM
Topical term or geographic name entry element Image processing
General subdivision Digital techniques.
9 (RLIN) 673
700 1# - ADDED ENTRY--PERSONAL NAME
Personal name Ihrig, Emil.
9 (RLIN) 101516
942 ## - ADDED ENTRY ELEMENTS (KOHA)
Source of classification or shelving scheme
Koha item type Book
Call number prefix 006.6,IHR
Holdings
Withdrawn status Lost status Source of classification or shelving scheme Damaged status Not for loan Permanent Location Current Location Shelving location Date acquired Full call number Barcode Date last seen Price effective from Koha item type Public note
          Military College of Signals (MCS) Military College of Signals (MCS) General Stacks 12/12/2016 006.6,IHR MCS26542 12/08/2016 12/12/2016 Book Almirah No.7, Shelf No.5
© 2023 Central Library, National University of Sciences and Technology. All Rights Reserved.